00469nam a22001217a 450000500170000000800410001710000220005824501190008026000090019930000290020850000790023750000310031620171010095508.0110706t xxu||||| |||| 00| 0 eng d aAgustin, Tomas M. aProfile of the industrial arts teachers in both public and private schools of the Division of Laoag City 1981-1982 c1983 axi, [79] leaves c28 cm. aThesis (M.A.T. Practical Arts) Mariano Marcos State University, Laoag City aBibliography: leaves 63-64